Rozpočty sú dielo rozumu a potrieb

Podmienky úspešnej fiškálnej decentralizácie a efektívnosť vo verejných financiách. Možné riziká prílišnej decentralizácie. Vplyv fiškálnej decentralizácie na makroekonomické riadenie. Oslabujúce faktory makroekonomickej stabilizačnej politiky. Stratégie využívané k zabezpečeniu fiškálnej disciplíny...

Full description

Saved in:
Bibliographic Details
Main Author: Provazníková, Romana
Format: Book Chapter
Language:Slovak
Subjects:
Tags: Add Tag
No Tags, Be the first to tag this record!

MARC

LEADER 00000naa$a2200000$$$4500
001 0054958
005 20231016085347.9
041 0 |a slo 
044 |a SK 
245 1 0 |a Rozpočty sú dielo rozumu a potrieb  |c Romana Provazníková 
520 |a Podmienky úspešnej fiškálnej decentralizácie a efektívnosť vo verejných financiách. Možné riziká prílišnej decentralizácie. Vplyv fiškálnej decentralizácie na makroekonomické riadenie. Oslabujúce faktory makroekonomickej stabilizačnej politiky. Stratégie využívané k zabezpečeniu fiškálnej disciplíny. Typy fiškálnych pravidiel a sankcie vo vybraných krajinách. 
610 2 0 |a rozpočty verejné 
610 2 0 |a financie verejné 
610 2 0 |a decentralizácia 
610 2 0 |a disciplína finančná 
610 2 0 |a pravidlá rozpočtové 
100 1 |a Provazníková, Romana